000 01526nam0a22003131 4500
001 rc\4075972
005 20250611081842.0
021 _aRU
_b[48-34844]
035 _a(NLR Aleph) 008122805
090 _a9374379
_c9374379
100 _a20130415d1948 |||y0rusy50 ca
101 0 _arus
102 _aRU
105 _ac z |||||
200 1 _aНа истребителе
_eИз записок летчика
_f[Лит. обработка полк. Н.Н. Денисова
210 _aНовосибирск]
_cНовосибгиз
_d1948
_gТип. № 1 Полиграфиздата
215 _a144 с.
_cпортр.
_d17
300 _aПеред загл. авт.: трижды Герой Сов. Союза А.И. Покрышкин
300 _aПерепеч. из журн. "Знамя" № 3 за 1948 г.
606 _aАвиация истребительная в Великой Отечественной войне
_jВоспоминания и записки
_2psbo
606 _aЛетчики в Великой Отечественной войне
_jВоспоминания и записки
_2psbo
700 1 _aПокрышкин
_bА.И.
_f1913-1985
_gАлександр Иванович
702 1 _4570
_7ca
_8rus
_aДенисов
_bН. Н.
_cжурналист, полковник
_f1909-1983
_gНиколай Николаевич
_9269584
_3RU\NLR\AUTH\770269640
801 0 _aRU
_bNLR
_gpsbo
801 1 _aRU
_bELAR
_2rusmarc
852 _aNLR
_jИр50 Г-1/72
942 _cBOOK
980 _aNB